000
00309nam a22001457a 4500
008
211020b ||||| |||| 00| 0 eng d
020
_a
2900618946685
041
_a
eng
080
_a
510
082
_a
510
100
_a
36
101
_a
MAT
245
_a
Intermediate Algebra
_c
Braken,M
942
_2
udc
_c
BK
999
_c
58295
_d
58295